00436nam a2200121Ia 4500008004100000041000800041082002000049100009900069245007000168260005100238300000800289999001700297230128s9999 xx 000 0 und d aeng aMAT PR0616bMAT aMathew Sharon - 2k141077; Dr.Rachana Shikhare - Guide & [Company Name] - L&T Infotech9118999 aStudy Of The Credibility Of Utilizing Big Data in Various Domains cSep-15bSavitribai Phule Pune UniversityaPune a80p c97303d97303